000 00684nab a2200181 4500
001 244442
003 OSt
005 20230607153642.0
007 tu
008 200917s2020|||||||
040 _aDE-2950
_cDE-2950
245 0 0 _aAnfänge des Viertels über der Stadt.
_bKiez. Über die Halbe Stadt in Frankfurt wurde zuletzt viel gesprochen. Auslöser waren Gewaltvorfälle Ende 2022. Doch wie ist das Wohngebiet entstanden? Wie kam es damals an? Zwei Zeitzeugen geben Einblicke /
_cLisa Mahlke
264 _c2023
653 _aFrankfurt (Oder)
653 _aHalbe Stadt
773 0 _g34. Jahrgang (2023) Nr. 126 vom 02.06.2023, S. 15: mit Foto
_tMärkische Oderzeitung
942 _2z
_cA
999 _c372519
_d372519